O anel da Rainha de Sabá (Registo nº 1753)

Detalhes MARC
000 -Etiqueta do registo
Cabeçalho 00831nam a22002771 4500
005 - Identificador da versão
Campo de controlo 20240813121915.0
095 ## -
-- PTBN00125252
021 ## - Número do Depósito Legal
Código do país PT
Número 22939/88
100 ## - Dados gerais de processamento
Dados gerais de processamento 20070502d1988 damy0pory5003 ba
102 ## - Pais de publicação ou produção
País de publicação Portugal
101 0# - Língua de publicação
Língua do texto, banda sonora, etc. Português
106 ## - Campo de dados codificados: material textual
Dados codificados do material textual r
105 ## - Campo de dados codificados: livros
Dados codificados dos livros a t 000zy
215 ## - Descrição física 
Indicação específica da natureza do documento e extensão da espécie 46 p.
Outras indicações físicas todo il.
Dimensões 29 cm
200 1# - Titulo e menção de responsabilidade
Título próprio O anel da Rainha de Sabá
Primeira menção de responsabilidade Fernando Bento
Outras menções de responsabilidade segundo o romance de Rider Haggard
225 2# - Colecção 
Título próprio da colecção Antologia da banda desenhada portuguesa
Indicação de volume 19
210 ## - Publicação, Distribuição, etc. 
Lugar da edição, distribuição, etc. Lisboa
Nome do editor, distribuidor, etc. Futura
Data da publicação, distribuição, etc. 1988
606 ## - Nome comum usado como assunto
Número de registo de entrada de autoridade 0000226
Palavra de ordem Literatura estrangeira infanto-juvenil
Subdivisão de assunto Banda desenhada
675 ## - Classificação Decimal Universal (CDU)
Notação 82-9
Edição
Língua da edição por
702 #1 - Nome de autor-pessoa física (responsabilidade secundária)
Número de registo de entrada de autoridade 0000238
Palavra de ordem Haggard
Outra parte do nome não tomada para palavra de ordem Rider
Datas 1856-1925
Código de função Antecedente bibliográfico
700 #1 - Nome de autor-pessoa física (responsabilidade principal)
Número de registo de entrada de autoridade 0000237
Palavra de ordem Bento
Outra parte do nome não tomada para palavra de ordem Fernando
Datas 1910-
942 ## - Elementos de entrada adicionados (Koha)
Tipo de item no Koha Livro
Exemplares
Situação do levantamento Origin of item (home branch) (coded) Biblioteca de empréstimo Código de barras Cota Circulation type (not for loan) Tipo de documento Nota do exemplar Damaged status
  Biblioteca Escolar da Coca Maravilhas Biblioteca Escolar da Coca Maravilhas BECM84/90 8BD BEN   Livro Sem mensagem